Assess the role of to piramate as an add on drug for the control of repractory epilepsy: Malhotra, Parveen (Record no. 89217)

MARC details
000 -LEADER
fixed length control field 00380nam a2200133Ia 4500
008 - FIXED-LENGTH DATA ELEMENTS--GENERAL INFORMATION
fixed length control field 230917s9999||||xx |||||||||||||| ||und||
040 ## - CATALOGING SOURCE
-- 108868
Original cataloging agency VIVEKANANDA LIBRARY
041 ## - Language
-- English
082 ## - DDC NUMBER
Classification number 616.853 P21A
100 ## - MAIN ENTRY--PERSONAL NAME
Personal name Sood, A K
245 #0 - TITLE STATEMENT
Title Assess the role of to piramate as an add on drug for the control of repractory epilepsy: Malhotra, Parveen
300 ## - PHYSICAL DESCRIPTION
Pages 92 p.
942 ## - ADDED ENTRY ELEMENTS (KOHA)
Koha item type Thesis
Holdings
Withdrawn status Lost status Damaged status Not for loan Location (home branch) Sublocation or collection (holding branch) Date acquired Koha issues (times borrowed) Koha full call number Accession No. Koha date last seen Koha item type
        VIVEKANANDA LIBRARY VIVEKANANDA LIBRARY 11/08/2005   616.853 P21A 169646 17/09/2023 Thesis
© Designed and Maintained by Vivekananda Library, MDU Rohtak